| 000 | 00721nam a22002057a 4500 | ||
|---|---|---|---|
| 005 | 20251108172110.0 | ||
| 008 | 250721s1996 xx 000 0 ara d | ||
| 082 | 1 | 4 | _a564/خور |
| 100 | 1 | _aخوري، إبراهيم سلامة | |
| 245 | 1 | 0 |
_aالدليل السياحي لتاريخ أهم الأماكن الدينية و الأثرية في الأرض المقدسة : _bيضم مئة و عشرين موقعا سياحيا و دينيا يتوق إليها الزائون / |
| 264 | 1 |
_aالقدس : _c1996. |
|
| 300 | _a251ص. | ||
| 650 | 1 | 7 | _aفلسطين |
| 650 | 1 | 7 | _aالآثار |
| 650 | 1 | 7 | _aالقدس |
| 650 | 1 | 7 | _aالسياحة |
| 650 | 1 | 7 | _aالكنائس |
| 942 |
_2ddc _cBK |
||
| 999 |
_c70430 _d70430 |
||